Detalles MARC
| 000 -LEADER |
| fixed length control field |
04008nam a2200457Ii 4500 |
| 001 - CONTROL NUMBER |
| control field |
DIGBIN02405 |
| 003 - CONTROL NUMBER IDENTIFIER |
| control field |
NyNyDIG |
| 006 - FIXED-LENGTH DATA ELEMENTS--ADDITIONAL MATERIAL CHARACTERISTICS |
| fixed length control field |
m o d |
| 007 - PHYSICAL DESCRIPTION FIXED FIELD--GENERAL INFORMATION |
| fixed length control field |
cr ||||||||||| |
| 008 - FIXED-LENGTH DATA ELEMENTS--GENERAL INFORMATION |
| fixed length control field |
100625s2009 sp ob 000 0 spa d |
| 020 ## - INTERNATIONAL STANDARD BOOK NUMBER |
| Canceled/invalid ISBN |
8497428536 |
| 020 ## - INTERNATIONAL STANDARD BOOK NUMBER |
| Canceled/invalid ISBN |
9788497428538 |
| 035 ## - SYSTEM CONTROL NUMBER |
| System control number |
(OCoLC)843455571 |
| 040 ## - CATALOGING SOURCE |
| Original cataloging agency |
DGITA |
| Language of cataloging |
eng |
| Description conventions |
pn |
| Transcribing agency |
DGITA |
| 043 ## - GEOGRAPHIC AREA CODE |
| Geographic area code |
e-sp--- |
| 050 14 - LIBRARY OF CONGRESS CALL NUMBER |
| Classification number |
PQ6174 .A78 eBook |
| 245 00 - TITLE STATEMENT |
| Title |
Literatura y bellas artes / |
| Statement of responsibility, etc. |
Francisco Rico, Jordi Gracia y Antonio Bonet, editores ; Salustiano del Campo y José Félix Tezanos, directores. |
| 264 #1 - PRODUCTION, PUBLICATION, DISTRIBUTION, MANUFACTURE, AND COPYRIGHT NOTICE |
| Place of production, publication, distribution, manufacture |
Madrid : |
| Name of producer, publisher, distributor, manufacturer |
Biblioteca Nueva, |
| Date of production, publication, distribution, manufacture, or copyright notice |
2009. |
| 300 ## - PHYSICAL DESCRIPTION |
| Extent |
1 online resource (969 pages) : |
| Other physical details |
ill. |
| 336 ## - CONTENT TYPE |
| Content type term |
text |
| Content type code |
txt |
| Source |
rdacontent |
| 337 ## - MEDIA TYPE |
| Media type term |
computer |
| Media type code |
c |
| Source |
rdamedia |
| 338 ## - CARRIER TYPE |
| Carrier type term |
online resource |
| Carrier type code |
cr |
| Source |
rdacarrier |
| 490 1# - SERIES STATEMENT |
| Series statement |
España siglo XXI ; |
| Volume/sequential designation |
5. |
| 504 ## - BIBLIOGRAPHY, ETC. NOTE |
| Bibliography, etc. note |
Includes bibliographical references. |
| 505 0# - FORMATTED CONTENTS NOTE |
| Formatted contents note |
Presentación / Salustiano del Campo y José Félix Tezanos -- Primera parte: Literatura -- Prólogo / Francisco Rico -- 1. Literatura: entre el canon y el mercado / José-Carlos Mainer -- 2. Tráfico literario de culturas bilingües / Jon Kortazar, Dolores Vilavedra y Enric Soria -- 3. Novelar sin red: entre el género y la invención / Jordi Gracia -- 4. El medio lírico. Antologías, revistas, poéticas, poetas / Ángel L. Prieto de Paula -- 5. El teatro de la época democrática / Sharon Feldman -- 6. Pensamiento y ensayo / Domingo Ródenas de Moya -- 7. En los dominios del yo: memoralismo, autobiografías, dietarios / Jordi Gracia -- 8. La historiografía en España. Quiebras y retos ante el siglo XXI por Juan Sisinio Pérez Garzón -- 9. Literatura y periodismo / Domingo Ródenas de Moya -- 11. Letras sin imprenta. Ciberliteratura, blogs, narrativas cross-media / Vicente Luis Mora -- Segunda parte : Bellas artes -- Prólogo / Antonio Bonet Correa -- 12. La explosión de las ciudades y la arquitectura / Fernando de Terán -- 13. Obras Públicas e Ingeniería / Miguel Aguiló -- 14. La defensa y conservación del Patrimonio heredado / José Castillo Ruiz -- 15. Las artes plásticas entre dos milenios (1975-2009) / Juan Manuel Bonet -- 16. Nuevas formas de expresión. Diseño y publicidad / Raúl Eguizábal -- 17. La fotografía española en la frontera de los siglos / Publio López Mondéjar -- 18. Signos de los tiempos. El cine español y la televisión durante la democracia / Pablo Llorca -- 19. La Historia del Arte / Gonzalo M. Borrás Gualis -- 20. Cartografía de la investigación en la estética, el arte y la crítica del arte,por Simón Marchán Fiz -- 21. El largo camino de la arqueología española hasta el siglo XXI / José María Luzón Nogué -- 22. La acción del Ministerio de Cultura y las Comunidades Autónomas. Museos, fundaciones y consorcios / M.a del Mar Lozano Bartolozzi -- 23. De la nada al espectáculo: el mercado del arte en España desde 1975 / Alfonso de la Torre -- 24. Música, ópera y política musical / Tomás Marco -- 25. La Musicología / Ismael Fernández de la Cuesta -- 26. Nueva canción, pop e industria discográfica / Alberto Flores -- 27. La danza en la España de la Transición. Antecedentes, los coreógrafos y sus obras / Roger Salas -- Tabla cronológica -- Autores. |
| 650 #0 - SUBJECT ADDED ENTRY--TOPICAL TERM |
| Topical term or geographic name entry element |
Arts |
| Geographic subdivision |
Spain |
| Chronological subdivision |
21st century. |
| 650 #0 - SUBJECT ADDED ENTRY--TOPICAL TERM |
| Topical term or geographic name entry element |
Spanish literature |
| Chronological subdivision |
20st century |
| General subdivision |
History and criticism. |
| 650 #0 - SUBJECT ADDED ENTRY--TOPICAL TERM |
| Topical term or geographic name entry element |
Spanish literature |
| Chronological subdivision |
21st century |
| General subdivision |
History and criticism. |
| 655 #0 - INDEX TERM--GENRE/FORM |
| Genre/form data or focus term |
Electronic books. |
| 700 1# - ADDED ENTRY--PERSONAL NAME |
| Personal name |
Rico, Francisco, |
| Dates associated with a name |
1942- |
| 700 1# - ADDED ENTRY--PERSONAL NAME |
| Personal name |
Gracia García, Jordi, |
| Dates associated with a name |
1965- |
| 700 1# - ADDED ENTRY--PERSONAL NAME |
| Personal name |
Alarcón, Enrique. |
| 700 1# - ADDED ENTRY--PERSONAL NAME |
| Personal name |
Campo Urbano, Salustiano del. |
| 700 1# - ADDED ENTRY--PERSONAL NAME |
| Personal name |
Tezanos, José Félix, |
| Dates associated with a name |
1946- |
| 791 2# - |
| -- |
Digitalia (Firm), |
| -- |
distributor. |
| 793 0# - |
| -- |
Digitalia eBook Collection: |
| -- |
Biblioteca Nueva |
| 830 #0 - SERIES ADDED ENTRY--UNIFORM TITLE |
| Uniform title |
España siglo XXI (Biblioteca Nueva (Firm)) ; |
| Volume/sequential designation |
5. |
| 856 40 - ELECTRONIC LOCATION AND ACCESS |
| Materials specified |
Digitalia Hispánica |
| Uniform Resource Identifier |
<a href="https://www.digitaliapublishing.com/a/6315/">https://www.digitaliapublishing.com/a/6315/</a> |
| 910 ## - USER-OPTION DATA (OCLC) |
| User-option data |
Premium Collection: 2007-2012 |
| 942 ## - ADDED ENTRY ELEMENTS (KOHA) |
| Koha item type |
Recurso Electrónico |